000 00183nam a2200073Ia 4500
008 170523s9999 xx 000 0 und d
100 _aAnanthasuresh- G.K.
245 0 _aMicro and Smart Systems
260 _aWiley India
999 _c12239
_d12239